[Event "NSU Open 2014"]
[Site "?"]
[Date "2014.01.05"]
[Round "4"]
[White "Strange, Markus"]
[Black "Nielsen, Benny"]
[Result "1-0"]
[WhiteElo "1211"]
[BlackElo "1180"]
[PlyCount "49"]

1. d4 d5 2. Nc3 Nf6 3. Bf4 e6 4. Qd3 c6 5. f3 Bd6 6. Bg5 h6 7. Bh4 g5 8. Bf2
Qe7 9. e4 e5 10. O-O-O b6 11. dxe5 Ba6 12. exd6 Bxd3 13. dxe7 Bxf1 14. Rxf1
Kxe7 15. h4 g4 16. fxg4 Nxg4 17. exd5 Nxf2 18. Rxf2 c5 19. Nf3 Nd7 20. Re1+ Kd6
21. Nd2 Rae8 22. Nc4+ Kc7 23. Nb5+ Kb8 24. Rxe8+ Rxe8 25. Rxf7 1-0

[Event "NSU Open 2014"]
[Site "?"]
[Date "2014.01.05"]
[Round "5"]
[White "Kristensen, Kåre"]
[Black "Strange, Mikkel"]
[Result "1/2-1/2"]
[WhiteElo "2345"]
[BlackElo "2370"]
[PlyCount "110"]

1. e4 e5 2. Nf3 Nc6 3. d4 exd4 4. Nxd4 Nf6 5. Nxc6 bxc6 6. e5 Qe7 7. Qe2 Nd5 8.
c4 Ba6 9. b3 O-O-O 10. g3 Re8 11. Bb2 f6 12. Bg2 fxe5 13. O-O h5 14. Qd2 Nf6
15. Re1 Qc5 16. Nc3 Qd4 17. Qc2 h4 18. Na4 Qg4 19. Bxe5 hxg3 20. hxg3 Bb4 21.
Bc3 Bd6 22. Rxe8+ Nxe8 23. Qe4 Qh5 24. Qe3 Qh2+ 25. Kf1 Rf8 26. Qxa7 Bb7 27.
Nc5 Bxc5 28. Qxc5 Nd6 29. Re1 Qxg3 30. Re8+ Nxe8 31. Qxf8 Qd3+ 32. Kg1 Qg6 33.
Qf3 Nf6 34. Bxf6 gxf6 35. a4 Kb8 36. Qg3 Qxg3 37. fxg3 c5 38. Bxb7 Kxb7 39. Kf2
Kb6 40. Ke3 Ka5 41. Ke4 c6 42. g4 Kb4 43. Kf5 d5 44. cxd5 cxd5 45. Kxf6 d4 46.
g5 d3 47. g6 d2 48. g7 d1=Q 49. g8=Q Qf3+ 50. Ke5 Qxb3 51. Qxb3+ Kxb3 52. a5 c4
53. a6 c3 54. a7 c2 55. a8=Q c1=Q 1/2-1/2

[Event "NSU Open 2014"]
[Site "?"]
[Date "2014.01.05"]
[Round "5"]
[White "Kühn, Morten"]
[Black "Montgomery, Jan"]
[Result "1-0"]
[WhiteElo "1806"]
[BlackElo "2134"]
[PlyCount "75"]

1. e4 c5 2. Nf3 d6 3. d4 cxd4 4. Nxd4 Nf6 5. Nc3 Nc6 6. Nxc6 bxc6 7. Be2 g6 8.
Be3 Bg7 9. O-O O-O 10. f4 Qa5 11. Bf3 Rb8 12. Rb1 Nd7 13. Bd2 Qc5+ 14. Kh1 Nb6
15. Be1 Nc4 16. b4 Qd4 17. Qe2 Ba6 18. Qf2 Na3 19. Rd1 Qxf2 20. Rxf2 Rxb4 21.
e5 dxe5 22. Nd5 Rb2 23. Nxe7+ Kh8 24. Nxc6 Rxc2 25. Nxe5 f6 26. Nc6 Re8 27.
Rxc2 Nxc2 28. Bf2 Bh6 29. g3 Bb7 30. Rc1 Na3 31. Bxa7 Nb5 32. Rb1 Nxa7 33. Rxb7
Nxc6 34. Bxc6 Re1+ 35. Kg2 Re2+ 36. Kh3 Rxa2 37. Rb8+ Kg7 38. Bd5 1-0

[Event "NSU Open 2014"]
[Site "?"]
[Date "2014.01.05"]
[Round "5"]
[White "Borg, Flemming"]
[Black "Andersen, Daniel"]
[Result "0-1"]
[WhiteElo "1799"]
[BlackElo "1876"]
[PlyCount "50"]

1. e4 e6 2. c3 d5 3. d3 c5 4. Qc2 Nc6 5. g3 Nf6 6. Nf3 e5 7. Bg2 d4 8. c4 Be7
9. h3 h6 10. a3 Be6 11. O-O Qd7 12. Kh2 g5 13. Ng1 O-O-O 14. Bd2 Kb8 15. Qa4
Rdg8 16. b4 h5 17. f4 gxf4 18. gxf4 exf4 19. Bxf4+ Bd6 20. e5 Nxe5 21. Qxd7
Nfxd7 22. bxc5 Nxc5 23. Nd2 Ncxd3 24. Ne2 Nxf4 25. Nxf4 Nd3 0-1

[Event "NSU Open 2014"]
[Site "?"]
[Date "2014.01.05"]
[Round "5"]
[White "Olsen, Filip Boe"]
[Black "Christophersen, David"]
[Result "1-0"]
[WhiteElo "1857"]
[BlackElo "1700"]
[PlyCount "71"]

1. d4 d5 2. Nf3 Bf5 3. c4 c6 4. Nc3 e6 5. Bf4 Bd6 6. Bxd6 Qxd6 7. e3 Nf6 8. Bd3
Bxd3 9. Qxd3 Nbd7 10. O-O O-O 11. h3 Rfe8 12. e4 dxe4 13. Nxe4 Nxe4 14. Qxe4
Nf6 15. Qe5 Rad8 16. Rad1 h6 17. a3 Rd7 18. b4 Red8 19. Qe2 Re7 20. Rc1 Nd7 21.
Rfd1 Qc7 22. d5 Nf6 23. dxc6 Rxd1+ 24. Rxd1 Qxc6 25. Rd4 Qa4 26. Qd3 Re8 27.
Ne5 Qa6 28. Rd8 Kf8 29. b5 Qb6 30. Rd7 Re7 31. Rd8+ Re8 32. Nd7+ Nxd7 33. Rxd7
Re7 34. Rd6 Qc5 35. Qh7 Re8 36. Rd7 1-0

[Event "NSU Open 2014"]
[Site "?"]
[Date "2014.01.05"]
[Round "5"]
[White "Hansen, Erik Hedegaard"]
[Black "Sørensen, John K."]
[Result "1-0"]
[WhiteElo "1733"]
[BlackElo "1771"]
[PlyCount "95"]

1. d4 c6 2. c4 d5 3. Nf3 a6 4. e3 Nf6 5. Nc3 Bf5 6. Bd3 Bxd3 7. Qxd3 e6 8. O-O
Bd6 9. e4 dxe4 10. Nxe4 Nxe4 11. Qxe4 Nd7 12. Bg5 Be7 13. Bf4 Nf6 14. Qc2 Qa5
15. Ne5 Rd8 16. Rfd1 O-O 17. a3 Nh5 18. Be3 Bd6 19. b4 Qc7 20. f4 g6 21. Qf2 f6
22. Nd3 e5 23. dxe5 fxe5 24. Bb6 Qf7 25. Bxd8 Rxd8 26. c5 Bc7 27. Nxe5 Qxf4 28.
Rxd8+ Bxd8 29. Qxf4 Nxf4 30. Rf1 Nd5 31. Nc4 Bf6 32. Re1 Bd4+ 33. Kf1 Kg7 34.
g3 Kf6 35. Re2 Nc7 36. Rd2 Ne6 37. Na5 b6 38. cxb6 Bxb6 39. Nxc6 h5 40. a4 g5
41. Rd5 Bc7 42. b5 axb5 43. Rxb5 h4 44. Kg2 g4 45. a5 h3+ 46. Kh1 Ng5 47. a6
Ne4 48. Rb2 1-0

[Event "NSU Open 2014"]
[Site "?"]
[Date "2014.01.05"]
[Round "5"]
[White "Rasmussen, Ole"]
[Black "Nielsen, Kai Gylling"]
[Result "0-1"]
[WhiteElo "1616"]
[BlackElo "1752"]
[PlyCount "77"]

1. e4 c5 2. Nf3 Nc6 3. d4 cxd4 4. Nxd4 g6 5. g3 Bg7 6. c3 Nf6 7. Bg2 O-O 8. O-O
d6 9. Nd2 Qb6 10. Qb3 Nxd4 11. cxd4 Qxd4 12. Qc4 Qxc4 13. Nxc4 Be6 14. Ne3 Nd7
15. a3 Rac8 16. Rd1 Bb3 17. Rd2 Rc7 18. Nd5 Bxd5 19. exd5 Rfc8 20. Rd1 Nc5 21.
Bh3 f5 22. Rb1 Na4 23. Be3 Bxb2 24. Bd4 Bxd4 25. Rxd4 Nc3 26. Rb2 Ne4 27. Rxe4
fxe4 28. Bxc8 Rxc8 29. Rxb7 Kf7 30. Rxa7 Rc5 31. Ra4 Rxd5 32. Rxe4 Rd1+ 33. Kg2
Ra1 34. a4 e5 35. f4 Ke6 36. fxe5 dxe5 37. Rh4 Kf5 38. Rb4 h5 39. Kf3 0-1

[Event "NSU Open 2014"]
[Site "?"]
[Date "2014.01.05"]
[Round "5"]
[White "Jensen, Jan K."]
[Black "Sørensen, Viggo"]
[Result "1-0"]
[WhiteElo "1520"]
[BlackElo "1541"]
[PlyCount "59"]

1. d4 d5 2. c4 e6 3. Nf3 Nf6 4. Nc3 c5 5. cxd5 exd5 6. e3 c4 7. Nd2 Be7 8. Be2
O-O 9. O-O Nc6 10. b3 cxb3 11. Nxb3 Bf5 12. Bd3 Bxd3 13. Qxd3 Rc8 14. Bb2 a6
15. Rac1 Re8 16. Rfd1 Bd6 17. Qf5 Bb8 18. Nc5 Qc7 19. g3 Ne7 20. Qf3 Ba7 21.
Nd3 Qb6 22. Ba3 Rcd8 23. Bc5 Qc7 24. Bxa7 b6 25. Nxd5 Qxa7 26. Nxf6+ gxf6 27.
Qxf6 Qb8 28. Ne5 Qd6 29. Qxf7+ Kh8 30. Qxe8+ 1-0

[Event "NSU Open 2014"]
[Site "?"]
[Date "2014.01.05"]
[Round "5"]
[White "Søes, Jan"]
[Black "Petersen, Jan"]
[Result "1-0"]
[WhiteElo "1631"]
[BlackElo "1612"]
[PlyCount "85"]

1. d4 d5 2. c4 c6 3. Nc3 Nf6 4. Nf3 a6 5. cxd5 cxd5 6. a3 e6 7. e3 Nc6 8. Qc2
Bd6 9. Bd3 O-O 10. Bd2 h6 11. Rc1 Bd7 12. O-O b5 13. b4 Rc8 14. Qb3 Qb6 15. h3
Ne7 16. Rfd1 Qb8 17. Ne2 Rxc1 18. Rxc1 Rc8 19. Rxc8+ Nxc8 20. Bb1 Nb6 21. Bc1
Nc4 22. Nd2 Qc7 23. f3 Nxd2 24. Bxd2 Qc4 25. Qd1 e5 26. dxe5 Bxe5 27. Bc1 Qh4
28. Qf1 Nh5 29. f4 Bb8 30. Qf2 Qe7 31. Bb2 Nf6 32. Bd4 Ne4 33. Qe1 Qd8 34. Nc3
Bc6 35. Qc1 Ng3 36. Qd1 Ne4 37. Qe2 Bc7 38. Qg4 f6 39. Nxe4 dxe4 40. Qe6+ Kh8
41. Qxc6 Bxf4 42. Qxe4 Be5 43. Qh7# 1-0

[Event "NSU Open 2014"]
[Site "?"]
[Date "2014.01.05"]
[Round "5"]
[White "Christiansen, Niels Jørgen"]
[Black "Langer, Peter"]
[Result "1-0"]
[WhiteElo "1558"]
[BlackElo "1530"]
[PlyCount "125"]

1. e4 c5 2. Nf3 d6 3. d4 cxd4 4. Nxd4 Nf6 5. Nc3 a6 6. Bd3 e6 7. f4 Nbd7 8. O-O
Qb6 9. Be3 g6 10. Rb1 Bg7 11. Nf5 Qc7 12. Nxg7+ Kf8 13. Nxe6+ fxe6 14. Kh1 b6
15. Be2 Bb7 16. Bf3 Ke7 17. e5 dxe5 18. Bxb7 Qxb7 19. fxe5 Nxe5 20. Bg5 Rhf8
21. Qd4 Qc7 22. Rbe1 Rad8 23. Qxe5 Qxe5 24. Rxe5 h6 25. Bxh6 Kd6 26. Rfe1 Rfe8
27. Bg5 Ng4 28. Rxe6+ Rxe6 29. Rxe6+ Kxe6 30. Bxd8 b5 31. Bb6 Ne5 32. Kg1 Nc4
33. Bc7 Nxb2 34. Ne4 Kd5 35. Nf2 Nc4 36. h4 Ne3 37. c3 Ke6 38. g4 Nd5 39. Ba5
Nf4 40. Kh2 Kf7 41. Kg3 Ne6 42. Ne4 Kg7 43. Kf3 Kf7 44. Ng5+ Nxg5+ 45. hxg5 Ke6
46. Ke4 Kd6 47. Kd4 Kc6 48. Ke5 Kd7 49. Kf6 Ke8 50. Kxg6 Kf8 51. Kf6 Kg8 52. g6
Kf8 53. g7+ Kg8 54. g5 b4 55. Bxb4 a5 56. c4 axb4 57. c5 b3 58. axb3 Kh7 59. c6
Kg8 60. c7 Kh7 61. g6+ Kh6 62. c8=Q Kh5 63. Qh3# 1-0

[Event "NSU Open 2014"]
[Site "?"]
[Date "2014.01.05"]
[Round "5"]
[White "Sørensen, Bernhard W."]
[Black "Laursen, Bendt"]
[Result "1/2-1/2"]
[WhiteElo "1442"]
[BlackElo "1356"]
[PlyCount "48"]

1. e4 c6 2. d4 d5 3. exd5 cxd5 4. Nf3 Bf5 5. Bb5+ Bd7 6. Bxd7+ Nxd7 7. O-O e6
8. Re1 Be7 9. Nc3 a6 10. Qd3 Ngf6 11. Bg5 h6 12. Bh4 O-O 13. Re2 Re8 14. Rae1
Rc8 15. Bg3 Bb4 16. Ne5 Bxc3 17. bxc3 Ne4 18. Bf4 Rxc3 19. Qd1 Nxe5 20. dxe5
Rc6 21. Re3 Qh4 22. Bg3 Qg5 23. h4 Qg6 24. Bf4 Rec8 1/2-1/2

[Event "NSU Open 2014"]
[Site "?"]
[Date "2014.01.05"]
[Round "5"]
[White "Petersen, Rasmus"]
[Black "Hein, Jacob"]
[Result "1-0"]
[WhiteElo "1508"]
[BlackElo "1357"]
[PlyCount "69"]

1. e4 g6 2. d4 Bg7 3. c4 c5 4. Nf3 cxd4 5. Nxd4 Qb6 6. Nb3 Nf6 7. Nc3 d6 8. Be3
Qc6 9. f3 b6 10. c5 O-O 11. Bb5 Qc7 12. cxd6 exd6 13. Rc1 Qe7 14. O-O Rd8 15.
Bg5 h6 16. Nd5 Qe5 17. Bf4 Qxb2 18. Rc2 Qxc2 19. Qxc2 Nxd5 20. exd5 Bf5 21. Qd2
Kh7 22. Nd4 Bc8 23. Nc6 Nxc6 24. dxc6 a5 25. c7 Rg8 26. Bxd6 Ba6 27. Bxa6 Rxa6
28. Qd5 Raa8 29. Qxf7 Kh8 30. Be7 Bf8 31. Re1 Bg7 32. Bf6 Bxf6 33. Qxf6+ Rg7
34. Re7 Rag8 35. Rxg7 1-0

[Event "NSU Open 2014"]
[Site "?"]
[Date "2014.01.05"]
[Round "5"]
[White "Pedersen, Tommy"]
[Black "Larsen, Daniel"]
[Result "0-1"]
[WhiteElo "1416"]
[BlackElo "1498"]
[PlyCount "70"]

1. e4 c5 2. Nf3 d6 3. d4 cxd4 4. Nxd4 Nc6 5. Bc4 Qa5+ 6. c3 Qe5 7. Bd5 Bd7 8.
f4 Qf6 9. Be3 Qh4+ 10. g3 Qh3 11. Qe2 Nf6 12. Nd2 e6 13. Bb3 Be7 14. Bc2 O-O
15. N4f3 h6 16. e5 dxe5 17. fxe5 Ng4 18. Qd3 g6 19. Bd4 Nxd4 20. cxd4 Qg2 21.
Rg1 Qf2+ 22. Kd1 Ne3+ 23. Kc1 Rac8 24. a4 Nxc2 25. Qxc2 Rxc2+ 26. Kxc2 Rc8+ 27.
Kd3 Bb4 28. Raf1 Qxg1 29. Rxg1 Bxa4 30. Ra1 Bb5+ 31. Ke3 a5 32. Ne1 a4 33. Nd3
Be7 34. Rc1 Rxc1 35. Nxc1 Bg5+ 0-1

[Event "NSU Open 2014"]
[Site "?"]
[Date "2014.01.05"]
[Round "5"]
[White "Nielsen, Benny"]
[Black "Bogø, Mathias"]
[Result "0-1"]
[WhiteElo "1180"]
[BlackElo "1000"]
[PlyCount "66"]

1. d4 d5 2. Nf3 Nc6 3. Bf4 Nf6 4. c4 e6 5. a3 dxc4 6. Qa4 Nd5 7. Bg3 Nb6 8. Qc2
Nxd4 9. Nxd4 Qxd4 10. Qd2 Qc5 11. Nc3 Qc6 12. O-O-O Be7 13. e3 O-O 14. f3 Bd7
15. Kb1 Rad8 16. Qc2 Nd5 17. Nxd5 exd5 18. e4 dxe4 19. Qxc4 Qxc4 20. Bxc4 c6
21. Bc7 exf3 22. Bxd8 Rxd8 23. Rd2 fxg2 24. Rxg2 Bf5+ 25. Ka2 Be4 26. Bxf7+
Kxf7 27. Rf2+ Kg8 28. Re1 Bd5+ 29. b3 Bh4 30. Rfe2 Bxe1 31. Rxe1 Kf8 32. Rd1
Re8 33. Rf1+ Kg8 0-1

[Event "NSU Open 2014"]
[Site "?"]
[Date "2014.01.05"]
[Round "5"]
[White "Feldung, Arne"]
[Black "Schølin, John"]
[Result "1-0"]
[WhiteElo "1018"]
[BlackElo "1015"]
[PlyCount "85"]

1. d4 d5 2. c4 dxc4 3. Nc3 e6 4. e3 Nc6 5. Bxc4 Nf6 6. Nf3 Bd6 7. O-O O-O 8.
Qc2 Ne7 9. e4 Nh5 10. a3 c5 11. e5 Bc7 12. dxc5 f6 13. Rd1 Qe8 14. Bb5 Qg6 15.
Bd3 f5 16. h3 Nd5 17. Nxd5 exd5 18. Be2 f4 19. Qxg6 hxg6 20. Rxd5 Be6 21. Rd4
Rae8 22. b4 g5 23. Nxg5 Bxe5 24. Nxe6 Rxe6 25. Bc4 Kf7 26. Bxe6+ Kxe6 27. Re4
Nf6 28. Re2 Rd8 29. Bb2 Rd5 30. Rxe5+ Rxe5 31. Bxe5 Kxe5 32. Rd1 g5 33. b5 Nd5
34. c6 bxc6 35. bxc6 Nb6 36. c7 Ke6 37. a4 a5 38. Kf1 Ke7 39. Ke2 Ke6 40. Rd8
Ke7 41. Kd3 Ke6 42. Kd4 Ke7 43. Kc5 1-0

[Event "NSU Open 2014"]
[Site "?"]
[Date "2014.01.05"]
[Round "5"]
[White "Jensen, Torben Brieghel"]
[Black "Strange, Markus"]
[Result "1/2-1/2"]
[WhiteElo "1384"]
[BlackElo "1211"]
[PlyCount "108"]

1. e4 e5 2. Nf3 Nc6 3. Bb5 f5 4. exf5 e4 5. Qe2 d5 6. Nd4 Qd6 7. Qh5+ Kd8 8.
Qf7 Nh6 9. Ne6+ Bxe6 10. Qxe6 Qxe6 11. fxe6 Nd4 12. Ba4 Nxe6 13. Nc3 c6 14. O-O
Bc5 15. h3 Kc7 16. Ne2 Raf8 17. d3 Nf5 18. Nf4 Nxf4 19. Bxf4+ Nd6 20. Be5 Rf7
21. d4 Bb6 22. Bb3 Kd7 23. a4 Nf5 24. c3 Ke6 25. Rae1 c5 26. Rxe4 c4 27. Bxg7+
dxe4 28. Bxc4+ Ke7 29. Bxh8 Rf8 30. Be5 Nd6 31. Bxd6+ Kxd6 32. Re1 Re8 33. b4
Rc8 34. a5 Bxa5 35. bxa5 Rxc4 36. Re3 Kd5 37. Rg3 Rc7 38. Rg5+ Kc4 39. Re5 Kxc3
40. Rxe4 Rd7 41. f4 Kd3 42. Re5 Kxd4 43. Kf2 Rd5 44. Re7 Rxa5 45. Rxb7 h5 46.
g4 hxg4 47. hxg4 Ke4 48. Rb4+ Kd5 49. g5 Ke6 50. Re4+ Kf5 51. Re5+ Rxe5 52.
fxe5 Kxg5 53. Ke3 Kf5 54. Kd4 Ke6 1/2-1/2